| 000 | 00785nac a22002411ca4500 | ||
|---|---|---|---|
| 001 | a987691024 | ||
| 008 | 181204s2018 gw |||| 000u rus d | ||
| 020 |
_a9785937621283 _9978-5-93762-128-3 |
||
| 041 | _arus | ||
| 100 | 1 | _aKaminskij, Valerij Vladimirovič | |
| 245 | 0 | 0 |
_aOficery Russkoj Imperatorskoj Armii v korpuse "krasnogo" General'nogo Štaba 1918-1945 gg. : _bpersonal'nyj sostav, služebnaja zanjatost', specifika ličnych sudeb ; biografičeskij spravočnik |
| 264 |
_aSankt-Peterburg : _bGumanitarnaja Akademija, _c2018 |
||
| 300 | _aTom 1. A-Ž | ||
| 650 | 0 | _aGeneralstab | |
| 650 | 0 | _aGeneralstabsdienst | |
| 650 | 0 | _aOffizier | |
| 650 | 0 | _aBiografie | |
| 651 | 0 | _aSowjetunion | |
| 942 | _cMG | ||
| 040 | _cRU-10907106 | ||
| 003 | RU-10907106 | ||
| 999 |
_c38120 _d38120 |
||